• 首页
  • 本馆介绍
  • 公告通知
  • 最新文献
  • 馆藏检索
  • 电子资源
  • 读者导购
  • 参考咨询
  • 我的图书馆
  • 登录
  • 详细信息显示
  • 放入我的书架
  • 预约/预借图书
  • 作者相关作品
  • 分类相关作品
  • 丛书相关作品
  • 出版社相关作品

书目信息

  • 表格格式
  • 工作单格式
  • 卡片格式
题名:
生命科学中的微量元素
    
 
作者:
分册:  
出版信息: 河北省   中国计量出版社  1996
页数: 1040
开本: 26cm
丛书名:
单 册:
中图分类: Q581
科图分类:
主题词: 生物--化学成分
电子资源:
ISBN: 7-5026-0803-6
000 00477nam0 2200169 450
001 0741144344
005 20070817112544.34
010    @a7-5026-0803-6@b精装@d¥95.00
100    @a20070817d km y0chiy0120 ea
101 0  @achi
200 1  @a生命科学中的微量元素@Asheng ming ke xue zhong de wei liang yuan su
210    @a河北省@c中国计量出版社@d1996
215    @a1040@d26cm
606 0  @a生物@x化学成分
690    @aQ581@v3
801  0 @aCN@bPFT@c20070817
905    @a213230@dQ581@en1@f1
    
    生命科学中的微量元素.-河北省:中国计量出版社,1996
    1040;26cm
    
    
    ISBN 7-5026-0803-6(精装):¥95.00
    
●
相关链接 在E读中查询图书 在五车中查询图书 在当当中查询图书 在豆瓣中查询图书


正题名:生命科学中的微量元素     索取号:Q581/n1         预约/预借

序号 登录号 条形码 馆藏地/架位号 状态 备注
1 6600212   266002121   生命科学系资料室/ [索取号:Q581/n1] 在馆    
唐山师范学院图书馆 欢迎您!
大连网信软件有限公司© 版权所有